Osmanlı belgelerinde Ermeni-İngiliz ilişkileri (1894-1895)/ (Record no. 6739)
| 000 -BAŞLIK | |
|---|---|
| Sabit Uzunluktaki Kontrol Alanı | 01494nam a22003977a 4500 |
| 001 - KONTROL NUMARASI | |
| Control Dosyası | 0006758 |
| 003 - KONTROL NUMARASI KİMLİĞİ | |
| Kontrol Alanı | KOHA_MİRAKIL |
| 005 - EN SON İŞLEM TARİHİ ve ZAMANI | |
| Kontrol Alanı | 20260207001533.0 |
| 007 - FİZİKSEL TANIM SABİT ALAN - GENEL BİLGİ | |
| Sabit uzunluklu kontrol alanı | ta |
| 008 - SABİT UZUNLUKTAKİ VERİ ÖGELERİ - GENEL BİLGİ | |
| Sabit Alan | 090819b2006 tu |||gr||||#0|||0|tur | |
| 020 ## - ISBN - ULUSLARARASI STANDART KİTAP NUMARASI | |
| Isbn | 975193625X |
| Nitelik bilgileri | (tk) |
| 020 ## - ISBN - ULUSLARARASI STANDART KİTAP NUMARASI | |
| Isbn | 9751938406 |
| Nitelik bilgileri | (c.3) |
| Kullanılabilirlik koşulları | 0,01 |
| 040 ## - KATALOGLAMA KAYNAĞI | |
| Özgün Kataloglama Kurumu | TR-BiSEU |
| Kataloglama Dili | tur |
| Çeviri Kurumu | TR-BiSEU |
| Açıklama Kuralları | rda |
| 041 0# - DİL KODU | |
| Metin ya da ses kaydının dil kodu | tur |
| 044 ## - YAYINLAYAN/ÜRETEN KURULUŞUN ÜLKE KODU | |
| ISO country code | tu |
| 050 ## - SINIFLAMA ve YER NUMARASI | |
| Sınıflama Numarası | DR479 |
| Yer Numarası | .O86 2006 |
| 245 0# - ESER ADI BİLDİRİMİ | |
| Başlık | Osmanlı belgelerinde Ermeni-İngiliz ilişkileri (1894-1895)/ |
| Sorumluluk Bildirimi | editör Uğurhan Demirbaş...[ve bşk.]; proje yöneticisi Yusuf Sarınay. |
| 264 #1 - ÜRERİM, YAYIN, DAĞITIM ve TELİF BİLDİRİMİ | |
| Yayın yeri | Ankara : |
| Yayınlayan | T.C. Başbakanlık Devlet Arşivleri Genel Müdürlüğü |
| Yayın tarihi | 2006 |
| 300 ## - FİZİKSEL TANIMLAMA | |
| Sayfa, Cilt vb. | 4 c.: resimli |
| 336 ## - İÇERİK TÜRÜ | |
| Content type term | metin |
| Content type code | txt |
| Source | rdacontent |
| 337 ## - MEDYA TÜRÜ | |
| Media type term | aracısız |
| Media type code | n |
| Source | rdamedia |
| 338 ## - TAŞIYICI TÜRÜ | |
| Carrier type term | cilt |
| Carrier type code | nc |
| Source | rdacarrier |
| 490 1# - DİZİ BİLDİRİMİ | |
| Dizi Bildirimi | Osmanlı Arşivi Daire Başkanlığı yayın ; |
| Cilt Numarası | nu. |
| 490 1# - DİZİ BİLDİRİMİ | |
| Dizi Bildirimi | 75 |
| 500 ## - GENEL NOT | |
| Genel Not | Kaynakça ve dizin var. |
| 500 ## - GENEL NOT | |
| Genel Not | Consists mainly of modern Turkish translations of Ottoman Turkish documents. |
| 500 ## - GENEL NOT | |
| Genel Not | 1. 1845-1890 -- 2. 1891-1893 -- 3. 1894-1895 -- 4. 1896-1922. |
| 650 #0 - KONU BAŞLIĞI EK GİRİŞ - KONU TERİMİ | |
| Konusal terim veya coğrafi ad | Turkey--Foreign relations--Great Britain--Sources. |
| 9 (RLIN) | 16683 |
| 650 #0 - KONU BAŞLIĞI EK GİRİŞ - KONU TERİMİ | |
| Konusal terim veya coğrafi ad | Great Britain--Foreign relations--Turkey--Sources. |
| 9 (RLIN) | 16684 |
| 650 #0 - KONU BAŞLIĞI EK GİRİŞ - KONU TERİMİ | |
| Konusal terim veya coğrafi ad | Turkey--History 19th century--Sources. |
| 9 (RLIN) | 16685 |
| 650 #0 - KONU BAŞLIĞI EK GİRİŞ - KONU TERİMİ | |
| Konusal terim veya coğrafi ad | Turkey--History 20th century--Sources. |
| 9 (RLIN) | 16686 |
| 830 1# - SERİ EK GİRİŞİ - TEKBİÇİM ESER ADI | |
| Tekbiçim Başlık | Osmanlı Arşivi Daire Başkanlığı yayın ; |
| Volume number/sequential designation | nu. |
| 9 (RLIN) | 16607 |
| 830 1# - SERİ EK GİRİŞİ - TEKBİÇİM ESER ADI | |
| Tekbiçim Başlık | 75 |
| 9 (RLIN) | 7339 |
| 907 ## - LOCAL DATA ELEMENT G, LDG (RLIN) | |
| a | Tarih |
| 942 ## - EK GİRİŞ ÖGELERİ (KOHA) | |
| Source of classification or shelving scheme | Library of Congress Classification |
| Koha item type | Book |
| Materyal Türü | Kalıcı Konum | Mevcut Konum | Raf Yeri | Sınıflandırma Kaynağı | Edinim Bilgisi | Ana Konular | Alt Konular | Yer Numarası | Cilt Bilgisi | Demirbaş Numarası | Fatura Tarihi | Geri Çekilme Durumu | Kayıp Durumu | Hasarlı Durumu | Kredi için değil | Kayıt Tarih | Toplam Ödünçverme | Son Görülme Tarihi | Son Kontrol Tarihi | Genel / Bağış Notu |
|---|---|---|---|---|---|---|---|---|---|---|---|---|---|---|---|---|---|---|---|---|
| Book | Prof. Dr. Azmi Özcan Kütüphanesi | Prof. Dr. Azmi Özcan Kütüphanesi | Uluğbey Salonu | Library of Congress Classification | Bağış | DÜNYA TARİHİ (AVRUPA, ASYA, AFRİKA VB.) | Balkan Yarımadası | DR479 .O86 2006 | c.3 | 0006758 | 13/08/2010 | 19/08/2009 | 05/12/2024 | 05/12/2024 | Genel Bağış |
